=LDR 00000nam 2200000 4500 =001 INLIS000000000041291 =005 20200203021554 =035 ##$$a 0010-061300000041291 =008 200203################g##########0#ind## =041 ##$$a ind =082 ##$$a 027.028 =090 ##$$a 027.028, Pet p =245 1#$$a Petunjuk teknis program bantuan pengembangan perpustakaan pusat kesehatan masyarakat, perpustakaan nasional Republik Indonesia Tahun 2009 /$c Perpusnas RI =260 ##$$a Jakarta :$b Perpusnas RI,$c 2009 =300 ##$$a 49 hlm. : $b ilus. ; $c 14,5 x 20 cm =650 #4$$a Perpustakaan Umum-Petunjuk Teknis =850 ##$$a NNT-CD =084 ##$$a 027.028 PER p =110 ##$$a Perpusnas RI =990 ##$$a 31200076 =990 ##$$a 31200077 =990 ##$$a 31200080 =990 ##$$a 31200078 =990 ##$$a 31200075 =990 ##$$a 31200073 =990 ##$$a 31200074